Doing research in business and management : (Record no. 345366)
[ view plain ]
| 000 -LEADER | |
|---|---|
| fixed length control field | 02027 a2200241 4500 |
| 020 ## - INTERNATIONAL STANDARD BOOK NUMBER | |
| International Standard Book Number | 0761959505 |
| 020 ## - INTERNATIONAL STANDARD BOOK NUMBER | |
| International Standard Book Number | 9780761959502 |
| 082 04 - DEWEY DECIMAL CLASSIFICATION NUMBER | |
| Classification number | 658 |
| 090 ## - LOCALLY ASSIGNED LC-TYPE CALL NUMBER (OCLC); LOCAL CALL NUMBER (RLIN) | |
| -- | 2876 |
| -- | 2876 |
| 100 1# - MAIN ENTRY--PERSONAL NAME | |
| Personal name | Remenyi, Professor Dan. |
| 245 10 - TITLE STATEMENT | |
| Title | Doing research in business and management : |
| Remainder of title | an introduction to process and method / |
| Statement of responsibility, etc. | Professor Dan Remenyi. |
| 250 ## - EDITION STATEMENT | |
| Edition statement | 1st ed. |
| 260 ## - PUBLICATION, DISTRIBUTION, ETC. | |
| Place of publication, distribution, etc. | [S.l.] : |
| Name of publisher, distributor, etc. | Sage Publications Ltd, |
| Date of publication, distribution, etc. | 1998. |
| 300 ## - PHYSICAL DESCRIPTION | |
| Extent | 320 p. ; |
| Dimensions | 23 cm. |
| 500 ## - GENERAL NOTE | |
| General note | Paperback. |
| 520 ## - SUMMARY, ETC. | |
| Summary, etc. | Doing Research in Business and Management provides a comprehensive overview of management research and research methodology. Taking the reader through all the major stages of the research process, this wide-ranging text introduces the key methods that are available to students as researchers in management and business. Highlighting first the different contexts and purposes, strategies and tactics, and programmes and process of management research, the authors then move on to a detailed review of the relevant research approaches and methods. They discuss the inter-relationship of theoretical and empirical research, , and how these apply in practice. The implications of using quantitative and qualitative methods are examined and the book also contains pracical advice on available analysis techniques and software packages. It concludes with a close look at how masters and doctoral degrees are evaluated by examiners, including a check list for students to ensure that they have complied with the main course requirements. Doing Research in Business and Management will be an invaluable guide and resource for students doing a taught or research- based degree in management and business studies. |
| 700 1# - ADDED ENTRY--PERSONAL NAME | |
| Personal name | Williams, Dr Brian. |
| 700 1# - ADDED ENTRY--PERSONAL NAME | |
| Personal name | Money, Professor Arthur. |
| 700 1# - ADDED ENTRY--PERSONAL NAME | |
| Personal name | Swartz, Dr Ethne. |
| 856 40 - ELECTRONIC LOCATION AND ACCESS | |
| Materials specified | Amazon.com |
| Uniform Resource Identifier | <a href="http://www.amazon.com/exec/obidos/ASIN/0761959505/chopaconline-20">http://www.amazon.com/exec/obidos/ASIN/0761959505/chopaconline-20</a> |
| 856 40 - ELECTRONIC LOCATION AND ACCESS | |
| Materials specified | Amazon customer reviews |
| Uniform Resource Identifier | <a href="http://www.chopac.org/cgi-bin/tools/azrev.pl?q=0761959505">http://www.chopac.org/cgi-bin/tools/azrev.pl?q=0761959505</a> |
| 942 ## - ADDED ENTRY ELEMENTS (KOHA) | |
| Institution code [OBSOLETE] | NBS |
| Koha item type | Book |
| Call number prefix | 658.03 REM |
| Withdrawn status | Lost status | Damaged status | Not for loan | Permanent Location | Current Location | Date acquired | Total Checkouts | Full call number | Barcode | Date last seen | Date last checked out | Price effective from | Koha item type |
|---|---|---|---|---|---|---|---|---|---|---|---|---|---|
| Central Library (CL) | Central Library (CL) | 08/28/2013 | 2 | 658.03 REM | NBS1472 | 01/08/2016 | 09/01/2015 | 08/28/2013 | Book |
